[Event "Staatsliga B - Ost 2002/03"]
[Site "Veranstaltungszentrum des Wienerwaldmuseums, Hauptstr.17, 3032 Eichgraben"]
[Date "2003.02.15"]
[Round "8"]
[Board "2"]
[White "Lukacs, Peter"]
[Black "Rumpl, Erwin"]
[Result "1/2-1/2"]
[WhiteElo "2420"]
[BlackElo "2245"]
[PlyCount "79"]

1.d4 Nf6 2.c4 e6 3.Nf3 d5 4.Nc3 Be7 5.Bg5 O-O 6.e3 Nbd7 7.Rc1 c6 8.Bd3 dxc4
9.Bxc4 Nd5 10.Bxe7 Qxe7 11.O-O Nxc3 12.Rxc3 e5 13.Bb3 e4 14.Nd2 Nf6 15.Qc2 Bf5
16.f4 Rac8 17.Rc1 g6 18.a3 Rfd8 19.Qb1 Kg7 20.Qa2 Nd5 21.Bxd5 Rxd5 22.b4 Rcd8
23.Qb2 Re8 24.Rc5 Bd7 25.Ra5 a6 26.Rac5 Be6 27.a4 f6 28.R5c3 Bf7 29.Nc4 Qd8
30.a5 Rd7 31.Nb6 Rd6 32.Rc4 Bd5 33.f5 gxf5 34.Rf1 Be6 35.Rf4 Kh8 36.Qf2 Rg8
37.h3 Rg5 38.Kh2 Qg8 39.Rc2 Qg6 40.Qe1

[Event "Staatsliga B - Ost 2002/03"]
[Site "Veranstaltungszentrum des Wienerwaldmuseums, Hauptstr.17, 3032 Eichgraben"]
[Date "2003.02.15"]
[Round "8"]
[Board "3"]
[White "Gugler, Edgar"]
[Black "Neulinger, Manfred"]
[Result "1/2-1/2"]
[WhiteElo "2225"]
[BlackElo "2384"]
[PlyCount "101"]

1.Nf3 d5 2.d4 Bg4 3.Nbd2 Nd7 4.h3 Bh5 5.b3 e6 6.Bb2 Ngf6 7.e3 c6 8.Bd3 Bg6 9.O-O
Ne4 10.Bxe4 dxe4 11.Ne5 Nxe5 12.dxe5 b5 13.a4 Bb4 14.c3 Bc5 15.axb5 cxb5 16.Qe2
O-O 17.b4 Be7 18.Rfd1 Qb8 19.c4 bxc4 20.Nxc4 Bxb4 21.Rdb1 Qc7 22.Bd4 Rfb8 23.Ra6
h5 24.Rba1 Bc5 25.Nd6 Bxd4 26.exd4 Rb4 27.Nb5 Qb7 28.R1a5 h4 29.Kh2 Rb1 30.Rxa7
Rxa7 31.Rxa7 Qb8 32.Ra5 Qd8 33.Ra2 Qg5 34.Nc3 Rc1 35.Nd1 Qf4+ 36.g3 hxg3+
37.fxg3 Qf3 38.Qxf3 exf3 39.Rd2 Bc2 40.Nf2 Bb3 41.g4 Bd5 42.h4 Re1 43.Rc2 Kh7
44.Rc7 Kg6 45.Kg3 Rg1+ 46.Kf4 f6 47.exf6 gxf6 48.h5+ Kh6 49.Rc8 Rf1 50.Kg3 Rg1+
51.Kf4

[Event "Staatsliga B - Ost 2002/03"]
[Site "Veranstaltungszentrum des Wienerwaldmuseums, Hauptstr.17, 3032 Eichgraben"]
[Date "2003.02.15"]
[Round "8"]
[Board "4"]
[White "Schroll, Gerhard"]
[Black "Wadsack, Wolfgang"]
[Result "1-0"]
[WhiteElo "2381"]
[BlackElo "2162"]
[PlyCount "51"]

1.c4 c6 2.Nf3 d5 3.d4 Nf6 4.Nc3 dxc4 5.a4 Bf5 6.e3 e6 7.Bxc4 Bb4 8.O-O O-O 9.Nh4
Bg4 10.f3 Bh5 11.g4 Nd5 12.Ng2 Bg6 13.Na2 Be7 14.e4 Nb6 15.Bb3 c5 16.a5 N6d7
17.d5 c4 18.Bxc4 Ne5 19.Be2 f5 20.Bf4 Bd6 21.dxe6 fxe4 22.Qd5 Nxf3+ 23.Rxf3 Bc5+
24.Qxc5 exf3 25.e7 f2+ 26.Kh1

[Event "Staatsliga B - Ost 2002/03"]
[Site "Veranstaltungszentrum des Wienerwaldmuseums, Hauptstr.17, 3032 Eichgraben"]
[Date "2003.02.15"]
[Round "8"]
[Board "5"]
[White "Bachmayer, Josef"]
[Black "Posch, Werner"]
[Result "1-0"]
[WhiteElo "2162"]
[BlackElo "2290"]
[PlyCount "81"]

1.d4 d5 2.Bg5 c6 3.Nc3 Bf5 4.f3 h6 5.Bf4 Nf6 6.e3 e6 7.Bd3 Bxd3 8.Qxd3 Na6
9.Nge2 Be7 10.g4 Qa5 11.a3 Nd7 12.Bg3 b5 13.O-O Qb6 14.b4 h5 15.gxh5 Rxh5 16.Nf4
Rh6 17.Nce2 e5 18.Ng2 Bf6 19.c3 Nc7 20.a4 a6 21.axb5 axb5 22.Rxa8+ Nxa8 23.Ra1
Qb7 24.e4 Nab6 25.exd5 Nxd5 26.Qe4 Kf8 27.dxe5 Bd8 28.Bf2 Bb6 29.Bd4 Qb8 30.f4
Rh3 31.Kh1 Rh6 32.Qf3 Kg8 33.Ne3 Nxe3 34.Qxe3 Qd8 35.Qf2 Bxd4 36.Nxd4 Nb6 37.Rg1
Na4 38.Nf5 Rh7 39.Qd4 Qe8 40.Rd1 Rh3 41.e6

[Event "Staatsliga B - Ost 2002/03"]
[Site "Veranstaltungszentrum des Wienerwaldmuseums, Hauptstr.17, 3032 Eichgraben"]
[Date "2003.02.15"]
[Round "8"]
[Board "6"]
[White "Wiedner, Robert"]
[Black "Wadsack, Winfried"]
[Result "1/2-1/2"]
[WhiteElo "2241"]
[BlackElo "2149"]
[PlyCount "139"]

1.d4 d5 2.c4 dxc4 3.e3 e5 4.dxe5 Qxd1+ 5.Kxd1 Nc6 6.f4 Bg4+ 7.Nf3 O-O-O+ 8.Bd2
f6 9.exf6 Nxf6 10.Bxc4 Ne4 11.Ke2 Bc5 12.Be1 Rhe8 13.Bf7 Re7 14.Bb3 Nf6 15.Bf2
Nd4+ 16.Ke1 Bxf3 17.gxf3 Nxf3+ 18.Kf1 Nd2+ 19.Nxd2 Rxd2 20.Be1 Rd3 21.Bc2 Rdxe3
22.Rd1 c6 23.Bg3 g6 24.f5 Ne4 25.fxg6 hxg6 26.Bxe4 R3xe4 27.Re1 Rc4 28.Rxe7 Bxe7
29.Be5 Rc1+ 30.Kg2 Rxh1 31.Kxh1 Kd7 32.Kg2 Ke6 33.Bg3 a5 34.h3 a4 35.Kf3 Kd5
36.Ke3 Kc4 37.Be5 b5 38.Kd2 Kd5 39.Bc7 c5 40.b3 axb3 41.axb3 Ke4 42.Ke2 Kd4
43.Kd2 Bg5+ 44.Ke2 Ke4 45.Bd6 Be3 46.Be7 g5 47.Bd8 b4 48.Be7 Kd4 49.Bf8 Bf4
50.Be7 Be3 51.Bf8 Ke4 52.Be7 Kf5 53.Kd3 Ke6 54.Bf8 Bd4 55.Kc4 Ke5 56.Be7 Kf4
57.Kd3 Bf2 58.Ke2 Bg1 59.Kd3 Bd4 60.Kc4 Bg1 61.Kd3 Bd4 62.Kc4 Be3 63.Kd3 Kf3
64.Bf8 Bg1 65.Be7 Kf4 66.Bd6+ Kf3 67.Be7 Be3 68.Bd6 Bd4 69.Be7 Kf4 70.Bd6+

[Event "Staatsliga B - Ost 2002/03"]
[Site "Veranstaltungszentrum des Wienerwaldmuseums, Hauptstr.17, 3032 Eichgraben"]
[Date "2003.02.15"]
[Round "8"]
[Board "1"]
[White "Danner, Georg"]
[Black "Staudner, Oliver"]
[Result "0-1"]
[WhiteElo "2377"]
[BlackElo "2360"]
[PlyCount "86"]

1.d4 Nf6 2.Nf3 e6 3.e3 b6 4.Bd3 Bb7 5.O-O Be7 6.c4 O-O 7.Nc3 d5 8.b3 Nbd7 9.Bb2
Ne4 10.Ne2 Bd6 11.Ne5 Rc8 12.Rc1 c6 13.f3 Nef6 14.f4 c5 15.Ng3 cxd4 16.exd4 Ne4
17.Qe2 f5 18.Rc2 Ndf6 19.Bxe4 Nxe4 20.Nxe4 dxe4 21.Qe3 Rc7 22.Rfc1 Bxe5 23.fxe5
f4 24.Qh3 Qe8 25.Ba3 Rf5 26.d5 Rcf7 27.Rd1 h6 28.Bb2 e3 29.Qf3 Rd7 30.Re2 Qf7
31.Qe4 exd5 32.e6 dxe4 33.exd7 f3 34.d8=Q+ Kh7 35.Rxe3 fxg2 36.Qd2 Rf1+ 37.Kxg2
Rf3 38.Rxf3 Qxf3+ 39.Kg1 e3 40.Qc2+ Be4 41.Qxe4+ Qxe4 42.Re1 Qg4+ 43.Kh1 Qf3+

[Event "Staatsliga B - Ost 2002/03"]
[Site "Veranstaltungszentrum des Wienerwaldmuseums, Hauptstr.17, 3032 Eichgraben"]
[Date "2003.02.15"]
[Round "8"]
[Board "2"]
[White "Pokorna, Regina"]
[Black "Petran, Peter"]
[Result "1/2-1/2"]
[WhiteElo "2375"]
[BlackElo "2372"]
[PlyCount "104"]

1.e4 g6 2.d4 Bg7 3.Nc3 d6 4.f4 a6 5.Nf3 b5 6.Bd3 c5 7.dxc5 dxc5 8.e5 Nh6 9.Be3
Nd7 10.Be4 Rb8 11.Ng5 O-O 12.e6 Nf6 13.Qxd8 Rxd8 14.Bf3 Bxe6 15.Nxe6 fxe6
16.Bxc5 Nd5 17.Nxd5 exd5 18.O-O-O e6 19.Rhe1 Kf7 20.g4 Rbc8 21.Be3 d4 22.Bf2 d3
23.Rd2 Rxc2+ 24.Rxc2 dxc2 25.Kxc2 Bd4 26.Bh4 Rd7 27.Kb1 Bb6 28.Bd1 Ba5 29.Rf1
Bd8 30.Bg3 Kg7 31.Bf3 Nf7 32.Re1 Rd6 33.Rd1 Rxd1+ 34.Bxd1 Bc7 35.Kc2 g5 36.fxg5
Bxg3 37.hxg3 Nxg5 38.Kb3 Kf6 39.Kb4 Ke5 40.Ka5 Kd4 41.Kxa6 Kc5 42.a3 b4 43.axb4+
Kxb4 44.Kb6 h6 45.Kc6 Kc4 46.Kd6 Kd4 47.b4 Kc4 48.Ke5 Kxb4 49.Kf6 Ne4+ 50.Kg6
Nxg3 51.Kxh6 Nf5+ 52.Kh7 Ne7

[Event "Staatsliga B - Ost 2002/03"]
[Site "Veranstaltungszentrum des Wienerwaldmuseums, Hauptstr.17, 3032 Eichgraben"]
[Date "2003.02.15"]
[Round "8"]
[Board "3"]
[White "Lipka, Juraj"]
[Black "Beckhuis, Gernod"]
[Result "0-1"]
[WhiteElo "2432"]
[BlackElo "2283"]
[PlyCount "86"]

1.d4 d5 2.Nf3 Nf6 3.c4 e6 4.Nc3 c6 5.cxd5 exd5 6.Bg5 h6 7.Bh4 Bf5 8.e3 Nbd7
9.Bd3 Bxd3 10.Qxd3 Be7 11.O-O O-O 12.Rab1 a5 13.Qc2 Re8 14.a3 Bd6 15.Rfc1 Qe7
16.Qf5 g6 17.Qc2 Kg7 18.Re1 Qe6 19.Bg3 Bxg3 20.hxg3 Ne4 21.Nxe4 dxe4 22.Nd2 Nf6
23.Qc5 Red8 24.Rec1 Rd5 25.Qc2 h5 26.b4 h4 27.bxa5 hxg3 28.fxg3 Rh8 29.Rxb7 Rdh5
30.Rf1 Rh1+ 31.Kf2 Qf5+ 32.Ke1 Ng4 33.Qb3 Qf2+ 34.Kd1 Rxf1+ 35.Nxf1 Qxf1+ 36.Kc2
Qe2+ 37.Kc3 Qxe3+ 38.Kc4 Qxb3+ 39.Rxb3 Ra8 40.d5 cxd5+ 41.Kxd5 Nf6+ 42.Kc6 Rxa5
43.Kb6 Re5

[Event "Staatsliga B - Ost 2002/03"]
[Site "Veranstaltungszentrum des Wienerwaldmuseums, Hauptstr.17, 3032 Eichgraben"]
[Date "2003.02.15"]
[Round "8"]
[Board "4"]
[White "Vokroj, Rene"]
[Black "Brod, Manfred"]
[Result "1/2-1/2"]
[WhiteElo "2287"]
[BlackElo "2237"]
[PlyCount "37"]

1.Nf3 c5 2.e4 Nc6 3.g3 g6 4.Bg2 Bg7 5.O-O d6 6.h3 e5 7.Nc3 Nge7 8.d3 O-O 9.Be3
h6 10.Nh4 g5 11.Nf3 f5 12.exf5 Nxf5 13.Nd5 Be6 14.Nd2 Qd7 15.Qh5 Bf7 16.Qg4 Be6
17.Qh5 Bf7 18.Qd1 Be6 19.Qh5

[Event "Staatsliga B - Ost 2002/03"]
[Site "Veranstaltungszentrum des Wienerwaldmuseums, Hauptstr.17, 3032 Eichgraben"]
[Date "2003.02.15"]
[Round "8"]
[Board "5"]
[White "Salamon, Werner"]
[Black "Schumi, Manfred"]
[Result "1/2-1/2"]
[WhiteElo "2187"]
[BlackElo "2217"]
[PlyCount "72"]

1.e4 c5 2.Nf3 d6 3.d4 cxd4 4.Nxd4 Nf6 5.Nc3 a6 6.Be2 e5 7.Nb3 Be7 8.Be3 Be6
9.O-O O-O 10.Qd2 Nbd7 11.a4 Rc8 12.a5 Qc7 13.Rfd1 Nc5 14.Nxc5 dxc5 15.Bf3 Rcd8
16.Qe2 Rxd1+ 17.Qxd1 Rd8 18.Qe2 h6 19.h3 Rd7 20.Qe1 c4 21.Na4 Qc6 22.Nb6 Rd8
23.Qc3 Nxe4 24.Qxe5 f5 25.Re1 Bf6 26.Bxe4 fxe4 27.Qg3 Kh7 28.Bf4 Bxb2 29.Be5
Bxe5 30.Qxe5 Bf7 31.Qe7 Qf6 32.Qxf6 gxf6 33.Rxe4 Rd1+ 34.Kh2 Rd2 35.Nxc4 Rxc2
36.Nd6 Bd5

[Event "Staatsliga B - Ost 2002/03"]
[Site "Veranstaltungszentrum des Wienerwaldmuseums, Hauptstr.17, 3032 Eichgraben"]
[Date "2003.02.15"]
[Round "8"]
[Board "6"]
[White "Rogetzer, Klaus"]
[Black "Knessl, Friderich"]
[Result "1-0"]
[WhiteElo "2135"]
[BlackElo "2058"]
[PlyCount "61"]

1.d4 Nf6 2.c4 g6 3.Nc3 Bg7 4.e4 d6 5.f3 O-O 6.Bg5 c5 7.d5 a6 8.a4 h6 9.Be3 Nbd7
10.Nh3 Kh7 11.Nf2 Qc7 12.Be2 b6 13.O-O Bb7 14.Qd2 Rad8 15.Rad1 Bc8 16.f4 Ne8
17.g4 e5 18.dxe6 fxe6 19.Bd3 Nb8 20.f5 gxf5 21.exf5 exf5 22.Bxf5+ Bxf5 23.gxf5
Nc6 24.Nfe4 Nd4 25.Nd5 Qf7 26.Qd3 Kh8 27.Ng3 Nf6 28.Bxd4 cxd4 29.Nf4 Rfe8
30.Rde1 Re5 31.Ng6+

[Event "Staatsliga B - Ost 2002/03"]
[Site "Veranstaltungszentrum des Wienerwaldmuseums, Hauptstr.17, 3032 Eichgraben"]
[Date "2003.02.15"]
[Round "8"]
[Board "1"]
[White "Varga, Zoltan"]
[Black "Balinov, Ilija"]
[Result "1-0"]
[WhiteElo "2533"]
[BlackElo "2444"]
[PlyCount "97"]

1.d4 Nf6 2.c4 g6 3.f3 Bg7 4.e4 O-O 5.Nc3 c6 6.Nh3 d6 7.Nf2 a6 8.Be3 b5 9.Qd2
Nbd7 10.Rc1 Rb8 11.Be2 Qa5 12.b3 bxc4 13.Bxc4 d5 14.exd5 cxd5 15.Nxd5 Qxd2+
16.Kxd2 Nxd5 17.Bxd5 Nb6 18.Bc6 Rd8 19.Ke2 a5 20.Rhd1 Ba6+ 21.Ke1 a4 22.b4 Nc4
23.Bf4 Rxb4 24.Nd3 Rb6 25.d5 Nb2 26.Nc5 Nxd1 27.Bc7 Bc3+ 28.Rxc3 Nxc3 29.Bxb6
Rb8 30.Ba5 Rb1+ 31.Kd2 Nxa2 32.Nxa6 Rb2+ 33.Kd3 a3 34.Bd2 Rb3+ 35.Kd4 Rb1 36.d6
exd6 37.Bd5 Rd1 38.Kd3 Nc1+ 39.Kc2 a2 40.Bxa2 Rxd2+ 41.Kxd2 Nxa2 42.Kc2 d5
43.Kb2 Kg7 44.Kxa2 Kf6 45.Kb3 Ke5 46.Kc3 Kf4 47.Kd3 h5 48.Nb4 h4 49.Nxd5+

[Event "Staatsliga B - Ost 2002/03"]
[Site "Veranstaltungszentrum des Wienerwaldmuseums, Hauptstr.17, 3032 Eichgraben"]
[Date "2003.02.15"]
[Round "8"]
[Board "2"]
[White "Miniboeck, Guenter"]
[Black "Schweda, Roland"]
[Result "0-1"]
[WhiteElo "2335"]
[BlackElo "2354"]
[PlyCount "88"]

1.d4 g6 2.c4 Bg7 3.e4 d6 4.Nc3 Nc6 5.d5 Nd4 6.Be3 c5 7.Nge2 Nxe2 8.Bxe2 Qa5
9.Qc2 Nf6 10.O-O O-O 11.h3 a6 12.a3 Qc7 13.b4 Nd7 14.Rfc1 Rb8 15.Rab1 b6 16.a4
Bd4 17.Bh6 cxb4 18.Bxf8 Kxf8 19.Na2 a5 20.Rd1 Bg7 21.Nc1 Nc5 22.Nd3 Nxe4 23.Nxb4
axb4 24.Qxe4 Bf5 25.Qh4 Bxb1 26.Rxb1 Qc5 27.Qxh7 Ra8 28.Rb3 Rxa4 29.Rf3 Ra3
30.Bd3 Rxd3 31.Rxd3 Qxc4 32.Rf3 Qxd5 33.Qh4 Qd1+ 34.Kh2 Be5+ 35.Rg3 Bxg3+
36.fxg3 Qh5 37.Qxb4 Qc5 38.Qb2 e5 39.Qd2 Kg7 40.h4 Qd4 41.Qc2 b5 42.h5 gxh5
43.Qf5 Qg4 44.Qd3 h4

[Event "Staatsliga B - Ost 2002/03"]
[Site "Veranstaltungszentrum des Wienerwaldmuseums, Hauptstr.17, 3032 Eichgraben"]
[Date "2003.02.15"]
[Round "8"]
[Board "3"]
[White "Vavrak, Peter"]
[Black "Brandner, Stefan"]
[Result "0-1"]
[WhiteElo "2397"]
[BlackElo "2300"]
[PlyCount "73"]

1.d4 d5 2.c4 Nc6 3.cxd5 Qxd5 4.e3 e5 5.Nc3 Bb4 6.Bd2 Bxc3 7.bxc3 Qd6 8.Bd3 Nge7
9.Ne2 Bf5 10.e4 Bg6 11.Be3 O-O-O 12.O-O f5 13.f3 Rhf8 14.d5 fxe4 15.fxe4 Rxf1+
16.Qxf1 Nb8 17.c4 Nd7 18.Nc3 a6 19.Na4 Qa3 20.Bg5 Qxa4 21.Bxe7 Re8 22.Bh4 Nc5
23.Qe2 Qa3 24.Bc2 Rf8 25.Be7 Rf7 26.d6 Qb2 27.Qg4+ Nd7 28.Qd1 Bh5 29.Rb1 Bxd1
30.Rxb2 Be2 31.h3 Bxc4 32.Ba4 b5 33.Rc2 Nb6 34.Bb3 Kd7 35.Rd2 Nc8 36.Bxc4 bxc4
37.Bh4 {Zeit}

[Event "Staatsliga B - Ost 2002/03"]
[Site "Veranstaltungszentrum des Wienerwaldmuseums, Hauptstr.17, 3032 Eichgraben"]
[Date "2003.02.15"]
[Round "8"]
[Board "4"]
[White "Eibersberger, Manfred"]
[Black "Stranz, Richard"]
[Result "0-1"]
[WhiteElo "2134"]
[BlackElo "2252"]
[PlyCount "88"]

1.g3 e5 2.Bg2 d5 3.c4 d4 4.d3 c5 5.Nf3 Nc6 6.O-O f6 7.a3 a5 8.e3 Be6 9.exd4 cxd4
10.Nbd2 Nh6 11.Ne4 Nf7 12.Bd2 Be7 13.b4 axb4 14.axb4 O-O 15.Rxa8 Qxa8 16.b5 Nb8
17.Qa1 Nd7 18.Qb2 Qb8 19.Ra1 b6 20.Bb4 Bxb4 21.Qxb4 h6 22.Nh4 f5 23.Bh3 fxe4
24.Bxe6 Nc5 25.Bd5 exd3 26.Ng6 Re8 27.Bc6 Rd8 28.Ne7+ Kh7 29.Qe1 Ng5 30.h4 Qd6
31.hxg5 Qxe7 32.gxh6 Kxh6 33.Kg2 Qg5 34.Qh1+ Qh5 35.Qc1+ Qg5 36.Qh1+ Kg6 37.Bf3
e4 38.Bd1 d2 39.Ra7 d3 40.Rc7 Rf8 41.Bh5+ Kh7 42.g4 Rxf2+ 43.Kxf2 Qf4+ 44.Kg2
Qf3+

[Event "Staatsliga B - Ost 2002/03"]
[Site "Veranstaltungszentrum des Wienerwaldmuseums, Hauptstr.17, 3032 Eichgraben"]
[Date "2003.02.15"]
[Round "8"]
[Board "5"]
[White "Herbst, Daniel"]
[Black "Sulyok, Michael"]
[Result "0-1"]
[WhiteElo "2198"]
[BlackElo "2222"]
[PlyCount "60"]

1.e4 d6 2.d4 Nf6 3.Nc3 g6 4.h3 Bg7 5.g3 O-O 6.Bg2 Nbd7 7.Nge2 c5 8.Be3 Rb8 9.a4
b6 10.O-O Bb7 11.f4 cxd4 12.Bxd4 e5 13.Be3 Nc5 14.fxe5 Nfxe4 15.exd6 Qxd6
16.Nxe4 Nxe4 17.Qxd6 Nxd6 18.Bd4 Rfe8 19.Bxg7 Rxe2 20.Bxb7 Kxg7 21.Bd5 Rxc2
22.Rf2 Rbc8 23.Raf1 Rxf2 24.Rxf2 Rc5 25.Ba8 Rc4 26.Rd2 Ne4 27.Rd7 Rxa4 28.Bd5
Nxg3 29.Bxf7 Ne2+ 30.Kf2 Rf4+

[Event "Staatsliga B - Ost 2002/03"]
[Site "Veranstaltungszentrum des Wienerwaldmuseums, Hauptstr.17, 3032 Eichgraben"]
[Date "2003.02.15"]
[Round "8"]
[Board "6"]
[White "Herndlbauer, Martin"]
[Black "Krpelan, Wolfgang"]
[Result "1/2-1/2"]
[WhiteElo "2162"]
[BlackElo "2217"]
[PlyCount "42"]

1.e4 Nf6 2.e5 Nd5 3.c4 Nb6 4.d4 d6 5.exd6 exd6 6.Nc3 Be7 7.Nf3 O-O 8.Bd3 Bg4
9.h3 Bh5 10.g4 Bg6 11.Bxg6 fxg6 12.b3 Nc6 13.Be3 a5 14.O-O Nd7 15.Kg2 Rf7 16.Nd5
h6 17.Nf4 Nf8 18.d5 Ne5 19.Nd4 Bf6 20.Rc1 c5 21.Nb5 Qd7

[Event "Staatsliga B - Ost 2002/03"]
[Site "Veranstaltungszentrum des Wienerwaldmuseums, Hauptstr.17, 3032 Eichgraben"]
[Date "2003.02.15"]
[Round "8"]
[Board "1"]
[White "Likavsky, Tomas"]
[Black "Tibensky, Robert"]
[Result "1-0"]
[WhiteElo "2465"]
[BlackElo "2446"]
[PlyCount "139"]

1.Nf3 d5 2.d4 c6 3.c4 e6 4.e3 Nf6 5.Bd3 Nbd7 6.O-O Be7 7.Nc3 O-O 8.e4 dxc4
9.Bxc4 b5 10.Bd3 b4 11.Na4 Bb7 12.e5 Nd5 13.Bd2 N5b6 14.Be4 Nxa4 15.Qxa4 Nb6
16.Qc2 g6 17.h4 Bxh4 18.Nxh4 Qxh4 19.Bxb4 Rfd8 20.Rad1 Ba6 21.Rfe1 Bc4 22.Bxc6
Rac8 23.Bb7 Rb8 24.Be4 Bd5 25.Bc5 Bxe4 26.Rxe4 Qg5 27.Rd3 Nd5 28.Rg3 Qf5 29.Rf3
Qg5 30.Bxa7 Ra8 31.Ra3 Rdc8 32.Bc5 Rxa3 33.bxa3 h5 34.Re1 h4 35.Qd3 Kg7 36.Qf3
Rb8 37.Kh2 Rb2 38.Re2 Rb1 39.Rc2 Rf1 40.a4 Rc1 41.Be7 Qh6 42.Bf6+ Kg8 43.Rxc1
Qxc1 44.Qg4 Qc7 45.f4 Kf8 46.Qxh4 Ke8 47.Qh8+ Kd7 48.Qf8 Kc6 49.Qc5+ Kb7
50.Qxc7+ Kxc7 51.Kg3 Nc3 52.Kg4 Nxa4 53.Be7 Nc3 54.a3 Kd7 55.Bb4 Ne4 56.Kf3 f5
57.exf6 Nxf6 58.g4 Kc6 59.g5 Nd5 60.Ke4 Kb7 61.Ke5 Kc6 62.Bd2 Kd7 63.Ke4 Nb6
64.Ba5 Nc4 65.Bb4 Nb6 66.Bc5 Nd5 67.Ke5 Nc3 68.Kf6 Nd5+ 69.Kxg6 Nxf4+ 70.Kf7

[Event "Staatsliga B - Ost 2002/03"]
[Site "Veranstaltungszentrum des Wienerwaldmuseums, Hauptstr.17, 3032 Eichgraben"]
[Date "2003.02.15"]
[Round "8"]
[Board "3"]
[White "Sulek, Viliam"]
[Black "Wallner, Joachim"]
[Result "1/2-1/2"]
[WhiteElo "2165"]
[BlackElo "2297"]
[PlyCount "86"]

1.e4 c5 2.Nf3 e6 3.d4 cxd4 4.Nxd4 a6 5.Nc3 Qc7 6.g3 b5 7.Bg2 Bb7 8.O-O Nf6 9.Re1
d6 10.Bg5 Nbd7 11.a4 bxa4 12.Nxa4 Be7 13.h3 h6 14.Bd2 O-O 15.c4 Ne5 16.Bc3 Rfb8
17.Qd2 Nc6 18.Rab1 Nd7 19.f4 Nxd4 20.Bxd4 Bc6 21.Nc3 Rb7 22.Nd5 Qd8 23.Nxe7+
Qxe7 24.Bc3 Rd8 25.e5 Nb8 26.Rbd1 d5 27.b4 Rdd7 28.c5 Ba4 29.Rc1 Nc6 30.f5 exf5
31.Bxd5 Qd8 32.Qa2 Rxd5 33.Qxa4 Nd4 34.Bxd4 Rxd4 35.e6 fxe6 36.Rxe6 Rbd7 37.Rce1
Rd1 38.Qb3 Kh7 39.Qf3 R7d5 40.Rxd1 Rxd1+ 41.Kg2 Rd2+ 42.Re2 Rxe2+ 43.Qxe2 Qd5+

[Event "Staatsliga B - Ost 2002/03"]
[Site "Veranstaltungszentrum des Wienerwaldmuseums, Hauptstr.17, 3032 Eichgraben"]
[Date "2003.02.15"]
[Round "8"]
[Board "4"]
[White "Fusi, Christoph"]
[Black "Todor, Razvan"]
[Result "1-0"]
[WhiteElo "2297"]
[BlackElo "2202"]
[PlyCount "73"]

1.e4 c5 2.Nf3 d6 3.d4 cxd4 4.Nxd4 Nf6 5.Nc3 e6 6.g4 h6 7.h4 Nc6 8.Rg1 d5 9.exd5
Nxd5 10.Nxd5 Qxd5 11.Be3 Be7 12.g5 hxg5 13.hxg5 Rh4 14.Nf3 Qa5+ 15.c3 Rh5 16.Qb3
Bd7 17.O-O-O O-O-O 18.Be2 g6 19.Rg4 Bc5 20.Rf4 Bxe3+ 21.fxe3 Rh7 22.Qc4 Kb8
23.b4 Qb6 24.Qe4 Qc7 25.Kb2 Ne7 26.Qe5 Nd5 27.Qxc7+ Kxc7 28.Rc4+ Kb8 29.Rcd4 Ba4
30.R1d2 Rc8 31.b5 Nxc3 32.Rb4 Nxe2 33.Rxe2 Bd1 34.Rf2 Rc5 35.Nd4 Rxg5 36.Rc4 Bg4
37.Rg2 {Zeit}

[Event "Staatsliga B - Ost 2002/03"]
[Site "Veranstaltungszentrum des Wienerwaldmuseums, Hauptstr.17, 3032 Eichgraben"]
[Date "2003.02.15"]
[Round "8"]
[Board "5"]
[White "Trkulja, Zoran"]
[Black "Zetthofer, Gerald"]
[Result "1-0"]
[WhiteElo "2232"]
[BlackElo "2258"]
[PlyCount "61"]

1.e4 e6 2.d4 d5 3.Nc3 Bb4 4.a3 Bxc3+ 5.bxc3 dxe4 6.f3 exf3 7.Qxf3 Nf6 8.Bd3 c5
9.Qg3 cxd4 10.Nf3 dxc3 11.O-O Nbd7 12.Qxg7 Rg8 13.Qh6 Qe7 14.Bg5 Qf8 15.Qh4 Qg7
16.g3 Nd5 17.Rae1 h6 18.Qxh6 Qxh6 19.Bxh6 Nc5 20.Bh7 Rh8 21.Ng5 Kd7 22.Rxf7+ Kc6
23.Bg7 Re8 24.h4 Bd7 25.h5 Red8 26.h6 Be8 27.Rf2 Bh5 28.Nxe6 Nxe6 29.Rxe6+ Kc5
30.Re5 Bg4 31.Be4

[Event "Staatsliga B - Ost 2002/03"]
[Site "Veranstaltungszentrum des Wienerwaldmuseums, Hauptstr.17, 3032 Eichgraben"]
[Date "2003.02.15"]
[Round "8"]
[Board "6"]
[White "Franzen, Jozef"]
[Black "Allacher, Erwin"]
[Result "1-0"]
[WhiteElo "2293"]
[BlackElo "2214"]
[PlyCount "66"]

1.c4 Nf6 2.g3 c5 3.Bg2 d5 4.b3 Nc6 5.Bb2 e6 6.e3 Be7 7.Nf3 d4 8.exd4 cxd4 9.O-O
O-O 10.Re1 Re8 11.Na3 Bc5 12.d3 e5 13.Nc2 a5 14.a3 Bg4 15.h3 Bf5 16.Nh4 Bd7
17.Rb1 Qc8 18.Kh2 Ra6 19.Bc1 Nd8 20.b4 axb4 21.axb4 Ba7 22.f4 Bb8 23.fxe5 Bxe5
24.Nf3 Bb8 25.Rxe8+ Bxe8 26.Nfxd4 Bd7 27.Qf3 Nc6 28.b5 Nxd4 29.Nxd4 Ra2 30.Rb2
Rxb2 31.Bxb2 Qc7 32.Ne2 b6 33.Bxf6 gxf6

[Event "Staatsliga B - Ost 2002/03"]
[Site "Veranstaltungszentrum des Wienerwaldmuseums, Hauptstr.17, 3032 Eichgraben"]
[Date "2003.02.15"]
[Round "8"]
[Board "1"]
[White "Gross, Stefan"]
[Black "Pingitzer, Harald"]
[Result "0-1"]
[WhiteElo "2351"]
[BlackElo "2372"]
[PlyCount "104"]

1.d4 d5 2.c4 c6 3.Nf3 e6 4.Qc2 Nf6 5.g3 Nbd7 6.Bg2 Bd6 7.Bf4 Bxf4 8.gxf4 b6
9.Nbd2 O-O 10.O-O Ba6 11.Ne5 c5 12.Qa4 Bb7 13.Rfd1 cxd4 14.Nxd7 Nxd7 15.cxd5 d3
16.e3 Nc5 17.Qd4 Bxd5 18.Bxd5 exd5 19.b4 Ne6 20.Qxd3 d4 21.Nf3 dxe3 22.fxe3 Qe7
23.a3 Rad8 24.Qe4 Rde8 25.Ne5 Qh4 26.Qg2 f6 27.Nc6 Rf7 28.Rd6 a5 29.Rad1 axb4
30.axb4 Nf8 31.Qf3 g5 32.f5 g4 33.Qf4 Ra8 34.Nd8 Rc7 35.Rxf6 Rxd8 36.Rxf8+ Kxf8
37.Rxd8+ Qxd8 38.Qh6+ Kg8 39.Qe6+ Rf7 40.e4 Qd1+ 41.Kf2 Qf3+ 42.Kg1 Qd1+ 43.Kf2
Qd2+ 44.Kg3 Qxb4 45.e5 Qe7 46.Qc8+ Qf8 47.Qe6 Qe7 48.Qc8+ Rf8 49.Qc4+ Kh8 50.Qf4
b5 51.Kxg4 b4 52.e6 Qg7+

[Event "Staatsliga B - Ost 2002/03"]
[Site "Veranstaltungszentrum des Wienerwaldmuseums, Hauptstr.17, 3032 Eichgraben"]
[Date "2003.02.15"]
[Round "8"]
[Board "2"]
[White "Kummer, Helmut"]
[Black "Neumeier, Klaus"]
[Result "0-1"]
[WhiteElo "2341"]
[BlackElo "2271"]
[PlyCount "96"]

1.d4 Nf6 2.c4 g6 3.Nc3 Bg7 4.e4 d6 5.Be2 O-O 6.Bg5 Na6 7.Qd2 e5 8.d5 c6 9.f3 Bd7
10.dxc6 bxc6 11.Qxd6 Qb6 12.Qd2 Rfd8 13.Be3 Qa5 14.Rd1 Bh3 15.Nxh3 Rxd2 16.Rxd2
Bf8 17.O-O Bc5 18.Bf2 Rd8 19.Rfd1 Rxd2 20.Rxd2 Nc7 21.Bxc5 Qxc5+ 22.Nf2 Ne6
23.Kf1 Qe3 24.Rd1 Nd4 25.Nd3 Nc2 26.Ne1 Qb6 27.Nxc2 Qxb2 28.Rd6 Nh5 29.Rxc6 Qxc3
30.Ne1 Nf4 31.g3 Ne6 32.c5 Nxc5 33.Rc7 a5 34.a4 Qb4 35.Bb5 Ne6 36.Nd3 Qd2 37.Rd7
Nd4 38.Nxe5 Qc1+ 39.Kg2 Nxb5 40.axb5 Qb2+ 41.Kh3 Qxe5 42.Rd8+ Kg7 43.Rd5 Qe6+
44.Kg2 a4 45.Rd4 a3 46.Ra4 Qb3 47.Ra5 a2 48.b6 a1=Q

[Event "Staatsliga B - Ost 2002/03"]
[Site "Veranstaltungszentrum des Wienerwaldmuseums, Hauptstr.17, 3032 Eichgraben"]
[Date "2003.02.15"]
[Round "8"]
[Board "3"]
[White "Hechl, Gerald"]
[Black "Schneider-Zinner, Harald"]
[Result "0-1"]
[WhiteElo "2250"]
[BlackElo "2353"]
[PlyCount "54"]

1.d4 e6 2.Nf3 Nf6 3.c4 b6 4.e3 Bb4+ 5.Nbd2 Bb7 6.Bd3 O-O 7.a3 Be7 8.O-O d5 9.Qc2
Nbd7 10.cxd5 exd5 11.b4 c5 12.bxc5 bxc5 13.Rb1 Qc8 14.dxc5 Nxc5 15.Bf5 Ne6
16.Qa4 Ba6 17.Re1 g6 18.Bh3 Bd3 19.Bb2 Bxb1 20.Nxb1 Qc4 21.Qd1 Ne4 22.Ne5 Qa2
23.Re2 Rab8 24.Nc6 Rxb2 25.Nxe7+ Kg7 26.Rxb2 Qxb2 27.Nxd5 Rb8

[Event "Staatsliga B - Ost 2002/03"]
[Site "Veranstaltungszentrum des Wienerwaldmuseums, Hauptstr.17, 3032 Eichgraben"]
[Date "2003.02.15"]
[Round "8"]
[Board "4"]
[White "Hansen, Kay"]
[Black "Pichler, Michael"]
[Result "1/2-1/2"]
[WhiteElo "2265"]
[BlackElo "2195"]
[PlyCount "108"]

1.d4 d5 2.c4 e6 3.Nf3 Nf6 4.Nc3 c6 5.Bg5 Nbd7 6.e3 Qa5 7.cxd5 Nxd5 8.Qd2 N7b6
9.Bd3 Bb4 10.Rc1 Na4 11.O-O h6 12.Bh4 Nxb2 13.Qxb2 Bxc3 14.Qc2 Bb4 15.e4 Nf4
16.Ne5 O-O 17.Rfd1 f6 18.Nc4 Qh5 19.Bg3 Nxd3 20.Rxd3 Rd8 21.e5 f5 22.Qb3 Bf8
23.Nd6 Bxd6 24.exd6 Qg6 25.Rc5 b6 26.Re5 Kh7 27.Qc2 Bd7 28.Rf3 Qg5 29.Rf4 Qh5
30.Rh4 Qg5 31.h3 Rac8 32.Re3 c5 33.d5 Re8 34.Rg4 Qh5 35.Be5 g6 36.Rf4 exd5
37.Bf6 Rxe3 38.fxe3 g5 39.Rf2 Qg6 40.Be7 c4 41.g4 f4 42.Qc3 Qe4 43.Qf6 Qe6
44.exf4 Qxf6 45.Bxf6 gxf4 46.Rxf4 Rf8 47.Kf2 d4 48.Kg3 d3 49.Bc3 Rxf4 50.Kxf4
Kg6 51.Ke5 h5 52.gxh5+ Kxh5 53.Kd5 Bxh3 54.Kxc4 Kg5